[Event "Tula Poletov Memorial"]
[Site "Tula"]
[Date "2018.02.10"]
[Round "3"]
[White "Biriukov, Ilja"]
[Black "Stukalov, Alexander"]
[Result "1/2-1/2"]
[WhiteElo "2416"]
[BlackElo "2209"]
[PlyCount "39"]
[EventDate "2018.02.09"]
[EventType "tourn"]
[EventRounds "9"]
[EventCountry "RUS"]
[EventCategory "3"]
[SourceTitle "CBM 182 Extra"]
[Source "ChessBase"]
[SourceDate "2018.02.23"]
[SourceVersion "1"]
[SourceVersionDate "2018.02.23"]
[SourceQuality "1"]

1. e4 e6 2. d4 d5 3. exd5 exd5 4. Bd3 Bd6 5. Ne2 Ne7 6. 0-0 0-0 7. c3 c6 8. Bf4 Bf5 9. Bxd6 Qxd6 10. Bxf5 Nxf5 11. Nd2 Nd7 12. Qc2 g6 13. Rfe1 Rfe8 14. g3 Qe6 15. Rac1 Nd6 16. Qb1 Ne4 17. Nf4 Nxd2 18. Rxe6 Nxb1 19. Rxe8+ Rxe8 20. Rxb1 1/2-1/2

[Event "Chigorin Memorial 24th"]
[Site "St Petersburg"]
[Date "2016.10.23"]
[Round "9"]
[White "Volkov, Roman"]
[Black "Stukalov, Alexander"]
[Result "1/2-1/2"]
[WhiteElo "2067"]
[BlackElo "2243"]
[PlyCount "82"]
[EventDate "2016.10.15"]
[EventType "swiss"]
[EventRounds "9"]
[EventCountry "RUS"]
[SourceTitle "CBM 175 Extra"]
[Source "ChessBase"]
[SourceDate "2016.12.12"]
[SourceVersion "1"]
[SourceVersionDate "2016.12.12"]
[SourceQuality "1"]

1. e4 d6 2. d4 Nf6 3. Nc3 Nbd7 4. Nf3 e5 5. Bc4 Be7 6. h3 0-0 7. Be3 c6 8. a4 a6 9. Bb3 b6 10. 0-0 Bb7 11. d5 cxd5 12. Bxd5 Bxd5 13. exd5 h6 14. Ne2 Ne4 15. c4 a5 16. Nd2 Nxd2 17. Qxd2 Rc8 18. b3 Bg5 19. Nc3 Nc5 20. Rfb1 f5 21. Bxg5 hxg5 22. Nb5 Qe7 23. Qe2 e4 24. Nd4 Qf6 25. Rd1 Rce8 26. Ra2 f4 27. Qg4 f3 28. gxf3 exf3 29. Ne6 Nxe6 30. dxe6 Rxe6 31. Rad2 Rfe8 32. Rd3 Re1+ 33. Rxe1 Rxe1+ 34. Kh2 Qe5+ 35. Qg3 g4 36. hxg4 Qe4 37. Rxf3 Rb1 38. Qg2 Qe5+ 39. Qg3 Qe4 40. g5 Qe1 41. Qg2 Qe5+ 1/2-1/2

[Event "Chigorin Memorial 24th"]
[Site "St Petersburg"]
[Date "2016.10.21"]
[Round "7"]
[White "Ufimtsev, Egor"]
[Black "Stukalov, Alexander"]
[Result "1/2-1/2"]
[WhiteElo "2088"]
[BlackElo "2243"]
[PlyCount "83"]
[EventDate "2016.10.15"]
[EventType "swiss"]
[EventRounds "9"]
[EventCountry "RUS"]
[SourceTitle "CBM 175 Extra"]
[Source "ChessBase"]
[SourceDate "2016.12.12"]
[SourceVersion "1"]
[SourceVersionDate "2016.12.12"]
[SourceQuality "1"]

1. Nf3 d6 2. d4 Nd7 3. c4 e5 4. Nc3 Be7 5. g3 Ngf6 6. Bg2 c6 7. 0-0 0-0 8. Qc2 Qc7 9. b3 Rb8 10. Bb2 b5 11. c5 b4 12. cxd6 Bxd6 13. dxe5 Nxe5 14. Nxe5 Bxe5 15. Na4 Ba6 16. Rac1 Rfe8 17. Qxc6 Qxc6 18. Rxc6 Bxe2 19. Bxe5 Rxe5 20. Re1 Rbe8 21. Rc5 R5e7 22. h3 h6 23. Nb2 a6 24. Nc4 Bd3 25. Rxe7 Rxe7 26. Ne3 Kh7 27. Bf1 Bxf1 28. Kxf1 Ne4 29. Ra5 Re6 30. Nd5 Rd6 31. Nxb4 Rd2 32. Rf5 a5 33. Nc6 Rxa2 34. Nxa5 Kg6 35. Rf4 Nxg3+ 36. fxg3 Rxa5 37. Kg2 Rb5 38. b4 f5 39. Kf3 Kf6 40. g4 g6 41. gxf5 gxf5 42. Rc4 1/2-1/2

[Event "Chigorin Memorial 24th"]
[Site "St Petersburg"]
[Date "2016.10.16"]
[Round "2"]
[White "Stukalov, Alexander"]
[Black "Tsydypov, Zhamsaran"]
[Result "0-1"]
[WhiteElo "2243"]
[BlackElo "2451"]
[PlyCount "82"]
[EventDate "2016.10.15"]
[EventType "swiss"]
[EventRounds "9"]
[EventCountry "RUS"]
[SourceTitle "CBM 175 Extra"]
[Source "ChessBase"]
[SourceDate "2016.12.12"]
[SourceVersion "1"]
[SourceVersionDate "2016.12.12"]
[SourceQuality "1"]

1. d4 Nf6 2. c4 c5 3. e3 g6 4. Nc3 Bg7 5. Bd3 0-0 6. Nge2 cxd4 7. exd4 d5 8. c5 Nc6 9. 0-0 b6 10. Na4 e5 11. Bb5 Bb7 12. Bg5 h6 13. Bh4 exd4 14. cxb6 axb6 15. Nxd4 Nxd4 16. Qxd4 Ra5 17. Nc3 g5 18. Bg3 Ne4 19. Qb4 Nxg3 20. hxg3 d4 21. Rfd1 Qa8 22. Rxd4 Bxd4 23. Qxd4 Bxg2 24. Kh2 Bc6 25. Bc4 g4 26. Qxg4+ Rg5 27. Qh4 Bf3 28. g4 Rxg4 29. Rg1 Qb8+ 30. Rg3 Qf4 31. Nd5 Qxg3+ 32. Qxg3 Rxg3 33. Ne7+ Kg7 34. Kxg3 Kf6 35. Kxf3 Kxe7 36. b4 Rc8 37. Bd5 Kd6 38. Bb3 Ke5 39. Kg4 f5+ 40. Kg3 Rc3+ 41. Kh4 Rf3 0-1

[Event "Tula Region-ch"]
[Site "Tula"]
[Date "2014.03.14"]
[Round "4"]
[White "Stukalov, Alexander"]
[Black "Tkachev, Grigory"]
[Result "1-0"]
[WhiteElo "2219"]
[BlackElo "2148"]
[PlyCount "71"]
[EventDate "2014.03.11"]
[EventType "swiss"]
[EventRounds "9"]
[EventCountry "RUS"]
[SourceTitle "CBM 159 Extra"]
[Source "ChessBase"]
[SourceDate "2014.04.24"]
[SourceVersion "1"]
[SourceVersionDate "2014.04.24"]
[SourceQuality "1"]

1. d4 Nf6 2. Nf3 g6 3. g3 Bg7 4. Bg2 0-0 5. 0-0 d6 6. Nc3 Nbd7 7. a4 e5 8. dxe5 dxe5 9. a5 c6 10. Nd2 Nc5 11. Nc4 Qc7 12. Qd6 Qxd6 13. Nxd6 Rd8 14. Be3 Ne6 15. Nxc8 Raxc8 16. Bh3 Nd5 17. Bxe6 fxe6 18. Bxa7 Nb4 19. Rad1 Nxc2 20. Bb6 Rf8 21. Ne4 Nd4 22. e3 Nb5 23. Rd7 Rf7 24. Rfd1 Rcf8 25. Bc5 Ra8 26. Rxf7 Kxf7 27. Rd7+ Kg8 28. Bb6 Rb8 29. g4 h6 30. h4 Kh8 31. Kg2 Kg8 32. Kg3 Kh8 33. Bd8 Rc8 34. Bf6 Bxf6 35. Nxf6 Rc7 36. Rd8+ 1-0

[Event "Vladimir op-B"]
[Site "Vladimir"]
[Date "2008.08.20"]
[Round "8"]
[White "Stukalov, Alexander"]
[Black "Dudin, Denis"]
[Result "1/2-1/2"]
[WhiteElo "2305"]
[BlackElo "2150"]
[PlyCount "136"]
[EventDate "2008.08.12"]
[EventType "swiss"]
[EventRounds "10"]
[EventCountry "RUS"]
[SourceTitle "CBM 126 Extra"]
[Source "ChessBase"]
[SourceDate "2008.11.05"]
[SourceVersion "1"]
[SourceVersionDate "2008.11.05"]
[SourceQuality "1"]

1. e4 c5 2. Nf3 Nc6 3. Bb5 d6 4. 0-0 Bd7 5. Re1 a6 6. Bf1 Bg4 7. h3 Bh5 8. c3 e5 9. Na3 Nf6 10. d3 Be7 11. Nc4 0-0 12. Be2 b5 13. Ne3 d5 14. Qc2 Bg6 15. Nh4 dxe4 16. Nxg6 fxg6 17. dxe4 Qe8 18. a4 Rb8 19. axb5 axb5 20. Bd2 Qf7 21. Ra6 Nd8 22. Rf1 Ne6 23. Ng4 Nd7 24. Ra7 Qe8 25. Qd3 Nf6 26. Nxe5 c4 27. Qc2 Bd6 28. Ng4 Nxg4 29. Bxg4 Nc5 30. Be3 Qxe4 31. Qxe4 Nxe4 32. Rd1 Rfd8 33. Bd4 Nf6 34. Re1 Ra8 35. Rb7 Rab8 36. Rxb8 Rxb8 37. Re6 Bf4 38. Re7 Bc1 39. Be6+ Kh8 40. b3 cxb3 41. Bxb3 Bb2 42. Be5 Rc8 43. Rb7 h6 44. Bc2 Bxc3 45. Bxc3 Rxc3 46. Bxg6 Rc8 47. Rxb5 Rd8 48. g3 Kg8 49. Rb7 Kf8 50. Rf7+ Kg8 51. Kg2 Rd7 52. Rxd7 Nxd7 53. f4 Kf8 54. Kf3 Ke7 55. Bc2 g5 56. Kg4 gxf4 57. Kxf4 Kf6 58. Bf5 Nb6 59. Be4 Nd7 60. Bc6 Ne5 61. Bb5 Ng6+ 62. Kg4 Ne5+ 63. Kh5 Kg7 64. Be8 Nd3 65. Bg6 Nc1 66. Be4 Ne2 67. Kg4 h5+ 68. Kh4 Nxg3 1/2-1/2

[Event "Vladimir CC-ch"]
[Site "Vladimir"]
[Date "2007.02.01"]
[Round "8"]
[White "Vysotsky, Alexander"]
[Black "Stukalov, Alexander"]
[Result "0-1"]
[WhiteElo "1950"]
[BlackElo "2276"]
[PlyCount "94"]
[EventDate "2007.01.23"]
[EventType "tourn"]
[EventRounds "9"]
[EventCountry "RUS"]
[SourceTitle "EXT 2019"]
[Source "ChessBase"]
[SourceDate "2018.10.10"]
[SourceVersion "1"]
[SourceVersionDate "2018.10.10"]
[SourceQuality "1"]

1. e4 Nc6 2. d4 d5 3. Nc3 Nf6 4. exd5 Nxd5 5. Nxd5 Qxd5 6. Nf3 e5 7. c3 Bg4 8. Be2 exd4 9. 0-0 Bd6 10. Nxd4 Qh5 11. h3 Bxe2 12. Qxe2+ Qxe2 13. Nxe2 0-0-0 14. Be3 Rhe8 15. Rad1 Ne7 16. Bf4 Nf5 17. Bxd6 Nxd6 18. Nd4 c5 19. Nf3 Re2 20. Rd5 b6 21. Rfd1 Kc7 22. R5d2 Rxd2 23. Rxd2 f6 24. Kf1 Kc6 25. Ne1 Rd7 26. Nc2 a5 27. Ne3 a4 28. b3 Ne4 29. Rxd7 Kxd7 30. Nd5 Kc6 31. c4 axb3 32. axb3 Nd2+ 33. Ke2 Nxb3 34. Ne7+ Kd7 35. Nd5 Nd4+ 36. Kd3 Kc6 37. Nc3 Kd6 38. f4 Kc6 39. g4 f5 40. g5 b5 41. cxb5+ Nxb5 42. Nd1 Nd4 43. Nc3 Ne6 44. Ke3 c4 45. h4 g6 46. Kf3 Kc5 47. Ke3 Nc7 0-1

[Event "Vladimir CC-ch"]
[Site "Vladimir"]
[Date "2007.01.23"]
[Round "1"]
[White "Schepetkova, Margarita"]
[Black "Stukalov, Alexander"]
[Result "0-1"]
[WhiteElo "2207"]
[BlackElo "2276"]
[PlyCount "108"]
[EventDate "2007.01.23"]
[EventType "tourn"]
[EventRounds "9"]
[EventCountry "RUS"]
[SourceTitle "EXT 2019"]
[Source "ChessBase"]
[SourceDate "2018.10.10"]
[SourceVersion "1"]
[SourceVersionDate "2018.10.10"]
[SourceQuality "1"]

1. e4 Nc6 2. Nf3 e6 3. d4 d5 4. e5 f6 5. Bb5 Bd7 6. 0-0 f5 7. c4 a6 8. Ba4 Nge7 9. Bg5 h6 10. cxd5 exd5 11. e6 Bxe6 12. Bxe7 Bxe7 13. Bxc6+ bxc6 14. Ne5 0-0 15. Nxc6 Qd6 16. Nxe7+ Qxe7 17. Nc3 f4 18. Qf3 c6 19. Rfe1 Rae8 20. Qd3 a5 21. Re5 Qb4 22. Rae1 Bf7 23. Rxe8 Bxe8 24. Qd2 Bd7 25. f3 c5 26. a3 Qc4 27. b3 Qxd4+ 28. Qxd4 cxd4 29. Nxd5 Rb8 30. b4 axb4 31. axb4 Rb5 32. Nxf4 Rxb4 33. Rd1 Bb5 34. Rd2 Kf7 35. Kf2 g5 36. Nd5 Rc4 37. Rb2 Rc5 38. Nb4 Ke6 39. g3 Ke5 40. Rd2 Rc3 41. Rb2 Rc5 42. Rd2 Rc1 43. h4 Rb1 44. Nd3+ Bxd3 45. Rxd3 Rb2+ 46. Kg1 Kd5 47. hxg5 hxg5 48. f4 g4 49. Kf1 Ke4 50. Ra3 d3 51. Ra1 Ke3 52. Re1+ Kf3 53. Rd1 d2 54. f5 Rc2 0-1

[Event "Saratov Aratovsky Memorial 6th"]
[Site "Saratov"]
[Date "2006.12.03"]
[Round "7"]
[White "Akhmadeev, Vadim"]
[Black "Stukalov, Alexander"]
[Result "1/2-1/2"]
[WhiteElo "2438"]
[BlackElo "2246"]
[PlyCount "102"]
[EventDate "2006.11.27"]
[EventType "swiss"]
[EventRounds "9"]
[EventCountry "RUS"]
[SourceTitle "EXT 2008"]
[Source "ChessBase"]
[SourceDate "2007.11.25"]
[SourceVersion "1"]
[SourceVersionDate "2007.11.25"]
[SourceQuality "1"]

1. d4 f5 2. g3 Nf6 3. Bg2 g6 4. Nf3 Bg7 5. 0-0 0-0 6. c4 d6 7. Nc3 Qe8 8. Nd5 Na6 9. Nxf6+ Bxf6 10. Bh6 Bg7 11. Bxg7 Kxg7 12. Qd2 Qf7 13. Rac1 c6 14. d5 c5 15. e4 f4 16. e5 Qf5 17. Rce1 Bd7 18. exd6 exd6 19. Re7+ Rf7 20. Qc3+ Qf6 21. Qxf6+ Kxf6 22. Rxf7+ Kxf7 23. Ng5+ Kg8 24. Ne4 Rd8 25. Nxd6 b6 26. Re1 Kf8 27. Re4 fxg3 28. hxg3 Nb4 29. a3 Nc2 30. Rf4+ Kg8 31. Ne4 Nd4 32. Bf1 Kg7 33. Nd6 Kg8 34. b4 g5 35. Re4 Bf5 36. Nxf5 Nxf5 37. Re5 Nd4 38. Rxg5+ Kf7 39. Kg2 h6 40. Rh5 Kg7 41. Bd3 Rd6 42. b5 Rf6 43. f4 Kf7 44. Kf2 Kg7 45. Ke3 Rf8 46. Be4 Re8 47. g4 Nc2+ 48. Kd3 Ne1+ 49. Ke3 Nc2+ 50. Kf3 Ne1+ 51. Ke3 Nc2+ 1/2-1/2

[Event "Saratov Aratovsky Memorial 6th"]
[Site "Saratov"]
[Date "2006.11.30"]
[Round "4"]
[White "Avdeeva, Veronika"]
[Black "Stukalov, Alexander"]
[Result "1/2-1/2"]
[WhiteElo "2160"]
[BlackElo "2246"]
[PlyCount "93"]
[EventDate "2006.11.27"]
[EventType "swiss"]
[EventRounds "9"]
[EventCountry "RUS"]
[SourceTitle "EXT 2008"]
[Source "ChessBase"]
[SourceDate "2007.11.25"]
[SourceVersion "1"]
[SourceVersionDate "2007.11.25"]
[SourceQuality "1"]

1. d4 g6 2. c4 f5 3. g3 Bg7 4. Bg2 Nf6 5. Nh3 d6 6. d5 Na6 7. Nf4 0-0 8. h4 Nc5 9. Nd2 Qe8 10. Rb1 a5 11. 0-0 Rb8 12. Nf3 e5 13. dxe6 Nxe6 14. Nxe6 Bxe6 15. b3 Ne4 16. Bb2 Nc3 17. Bxc3 Bxc3 18. Nd4 c6 19. a3 Bf7 20. e3 Qe5 21. Qd3 Bxd4 22. exd4 Qf6 23. b4 axb4 24. Rxb4 Rfc8 25. Rfb1 Rc7 26. Rb6 Qd8 27. Qb3 Qd7 28. Qa4 Re8 29. Qb3 Re7 30. a4 Qe8 31. Qc3 Qd7 32. Qb3 f4 33. d5 fxg3 34. Qxg3 Re8 35. dxc6 bxc6 36. Rb8 Qe7 37. Rxe8+ Bxe8 38. Rd1 Ra7 39. Qxd6 Qxh4 40. Re1 Ra8 41. Qe6+ Kg7 42. Bxc6 Bxc6 43. Qxc6 Qg4+ 44. Kf1 Qh3+ 45. Kg1 Qg4+ 46. Kf1 Qh3+ 47. Kg1 1/2-1/2

[Event "Vladimir op"]
[Site "Vladimir"]
[Date "2004.08.24"]
[Round "7"]
[White "Stukalov, Alexander"]
[Black "Molkova, Oksana"]
[Result "1-0"]
[WhiteElo "2164"]
[BlackElo "2131"]
[PlyCount "135"]
[EventDate "2004.08.18"]
[EventType "swiss"]
[EventRounds "9"]
[EventCountry "RUS"]
[SourceTitle "EXT 2005"]
[Source "ChessBase"]
[SourceDate "2004.11.15"]
[SourceVersion "1"]
[SourceVersionDate "2004.11.15"]
[SourceQuality "1"]

1. e4 e6 2. d4 d5 3. Nc3 Nf6 4. Bg5 dxe4 5. Nxe4 Nbd7 6. Nf3 Be7 7. Bxf6 Nxf6 8. Bd3 0-0 9. 0-0 Nxe4 10. Bxe4 Bf6 11. Qd3 g6 12. Rad1 Bg7 13. Ne5 Qe7 14. Qb3 c5 15. Qa3 Qh4 16. f4 f6 17. Nc4 f5 18. g3 Qf6 19. Bf3 cxd4 20. Nb6 axb6 21. Qxa8 Qe7 22. Qa4 Qc5 23. b4 Qc4 24. Qb3 b5 25. Rfe1 Rf7 26. Rd3 Rc7 27. Re2 Bd7 28. Kf2 Kf7 29. Red2 Bc6 30. Qxc4 bxc4 31. Rxd4 Bxd4+ 32. Rxd4 Bxf3 33. Kxf3 b5 34. Rd8 Ra7 35. Rb8 Rxa2 36. Rxb5 Rxc2 37. Rb7+ Kf8 38. Rxh7 Rb2 39. Rb7 Rxh2 40. Rc7 Rc2 41. Ke3 Rg2 42. Kf3 Rc2 43. Ke3 Rc3+ 44. Kd4 Rb3 45. Kxc4 Rxg3 46. b5 Ke8 47. b6 Kd8 48. Rc6 Kd7 49. b7 Kxc6 50. b8Q Rg4 51. Qb5+ Kd6 52. Qe5+ Ke7 53. Kc5 Rg1 54. Qg7+ Ke8 55. Kd6 Rd1+ 56. Kxe6 Re1+ 57. Kf6 Re4 58. Qxg6+ Kd8 59. Qxf5 Re8 60. Qd5+ Kc8 61. Kf7 Rd8 62. Qc6+ Kb8 63. Qb6+ Kc8 64. Qxd8+ Kxd8 65. f5 Kd7 66. f6 Kd8 67. Kg7 Ke8 68. f7+ 1-0